El tapón de cristal /
Arsenio Lupin, el simpático ladrón de guante blanco, se encuentra en esta ocasión con una de las aventuras más sorprendentes de su vida: un robo no planeado por él, un misterioso tapón de cristal que se cruza constantemente en su camino y un amigo a quien salvar de la guillotina. "Ninguna empre...
Guardado en:
| Autor Principal: | |
|---|---|
| Otros Autores: | , , |
| Formato: | Libro |
| Idioma: | Undetermined |
| Publicado: |
Madrid :
Hyspamérica : Anaya,
1982.
|
| Edición: | 1a ed. |
| Series: | Mis libros. Aventuras
|
| Materias: | |
| Etiquetas: |
Agregar Etiqueta
Sin Etiquetas, Sea el primero en etiquetar este registro!
|
| LEADER | 01446nam a22002415a 4500 | ||
|---|---|---|---|
| 001 | CEM.cems024897 | ||
| 008 | 250909s1982####sp############000#0#und#d | ||
| 005 | 20250909170818.0 | ||
| 245 | 1 | 0 | |a El tapón de cristal / |c Maurice Leblanc ; traducción y notas Joëlle Eyheramonno; apéndice Juan José Millás ; ilustración Juan A. Acosta. |
| 250 | |a 1a ed. | ||
| 260 | |a Madrid : |b Hyspamérica : |b Anaya, |c 1982. | ||
| 300 | |a 287 p. | ||
| 490 | 1 | |a Mis libros. Aventuras | |
| 520 | |a Arsenio Lupin, el simpático ladrón de guante blanco, se encuentra en esta ocasión con una de las aventuras más sorprendentes de su vida: un robo no planeado por él, un misterioso tapón de cristal que se cruza constantemente en su camino y un amigo a quien salvar de la guillotina. "Ninguna empresa -dirá Lupin- me ha dado más quebraderos de cabeza ni me ha costado tanto trabajo como esta maldita aventura". Pero al fin, en las doce horas más brillantes de su carrera, consigue un éxito tan asombroso y espectacular, que el mismo Lupin titularía esta novela: El tapón de cristal, o de cómo no hay que desanimarse nunca". | ||
| 020 | |a 8475250947 | ||
| 100 | 1 | |a Leblanc, Maurice. | |
| 700 | 1 | |a Eyheramonno, Joëlle; trad. | |
| 700 | 1 | |a Millás, Juan José; ap. | |
| 700 | 1 | |a Acosta, Juan A.; il. | |
| 653 | |a Literatura francesa | ||
| 653 | |a Novela francesa | ||
| 653 | |a Novela de aventuras | ||
| 859 | |a CEMS |b BIB. CEMS - 11 de abril |h 843.7 |i L445 |p 30006.25 |t Ej.1 | ||
